<?xml version="1.0" encoding="UTF-8"?>
<record
    xmlns:xsi="http://www.w3.org/2001/XMLSchema-instance"
    xsi:schemaLocation="http://www.loc.gov/MARC21/slim http://www.loc.gov/standards/marcxml/schema/MARC21slim.xsd"
    xmlns="http://www.loc.gov/MARC21/slim">

  <leader>00580nam a2200133Ia 4500</leader>
  <controlfield tag="008">160809s9999    xx            000 0 und d</controlfield>
  <datafield tag="100" ind1=" " ind2=" ">
    <subfield code="a">Leyser, Yona Ph. D.</subfield>
  </datafield>
  <datafield tag="245" ind1=" " ind2=" ">
    <subfield code="a">PARENTS&#xB4; PERSPECTIVES ON INCLUSION AND SCHOOLING OF STUDENTS WITH ANGELMAN SYNDROME: SUGGESTIONS FOR EDUCATORS</subfield>
  </datafield>
  <datafield tag="245" ind1=" " ind2=" ">
    <subfield code="c">Yona Leyser Ph. D., Rea Kirk Ed. D Northern Illinois University, University of Wisconsin-Platteville.</subfield>
  </datafield>
  <datafield tag="260" ind1=" " ind2=" ">
    <subfield code="b">International Journal of Special Education</subfield>
  </datafield>
  <datafield tag="260" ind1=" " ind2=" ">
    <subfield code="c">2011</subfield>
  </datafield>
  <datafield tag="650" ind1=" " ind2=" ">
    <subfield code="x">SPECIAL EDUCATION</subfield>
  </datafield>
  <datafield tag="856" ind1=" " ind2=" ">
    <subfield code="u">http://www.internationaljournalofspecialed.com/issues.php</subfield>
  </datafield>
  <datafield tag="999" ind1=" " ind2=" ">
    <subfield code="c">300450</subfield>
    <subfield code="d">300450</subfield>
  </datafield>
  <datafield tag="952" ind1=" " ind2=" ">
    <subfield code="0">0</subfield>
    <subfield code="1">0</subfield>
    <subfield code="4">0</subfield>
    <subfield code="a">CL</subfield>
    <subfield code="b">CL</subfield>
    <subfield code="d">2016-08-09</subfield>
    <subfield code="l">0</subfield>
    <subfield code="r">2016-08-09 00:00:00</subfield>
    <subfield code="w">2016-08-09</subfield>
    <subfield code="y">FOJ</subfield>
  </datafield>
</record>
